U.S. Cities With Most Plastic Surgery - Statistics

General Stats
  • This quiz has been taken 70 times
  • The average score is 4 of 9
Answer Stats
# Answer % Correct
200 Beverly Hills/Los Angeles
100%
10 Miami
92%
8 San Francisco
89%
9 Atlanta
55%
24 Salt Lake City
32%
13 Scottsdale/Tucson
24%
11 St. Louis
18%
12 Richmond
10%
8 Rochester
10%
No matching quizzes found
Score Distribution
Percent of People with Each Score
Percentile by Number Answered
Your Score History
You have not taken this quiz